Normal view MARC view
  • Sima, Qian,

Entry Personal Name

Number of records used in: 1

001 - CONTROL NUMBER

  • control field: 99738

003 - CONTROL NUMBER IDENTIFIER

  • control field: NUST

005 - DATE AND TIME OF LATEST TRANSACTION

  • control field: 20221010160802.0

008 - FIXED-LENGTH DATA ELEMENTS

  • fixed length control field: 221010|| aca||aabn | a|a d

040 ## - CATALOGING SOURCE

  • Original cataloging agency: NUST
  • Transcribing agency: NUST

100 ## - HEADING--PERSONAL NAME

  • Personal name: Sima, Qian,
  • Dates associated with a name: approximately 145 B.C.-approximately 86 B.C.
  • Title of a work: Shi ji

670 ## - SOURCE DATA FOUND

  • Source citation: Work cat.: (NUST)0: Mah, Adeline Yen, 1937- 99737, A thousand pieces of gold :, c2002.
© 2023 Central Library, National University of Sciences and Technology. All Rights Reserved.